000 00297nam a2200109Ia 4500
008 230627s9999 xx 000 0 und d
041 _aeng
082 _a346.0438
_bAWA
100 _aAwasthi S. K
245 _aDigest On Civil Pleadings : Cases And Materials
260 _aAllahabad
_bLaw Vision
_c1996
999 _c702739
_d702739